Statistics for Members or the Royal Family

Click here to take the quiz!

General Stats

  • This quiz has been taken 51 times
  • The average score is 14 of 15

Answer Stats

Answer% Correct
Charles, Prince of Wales
100%
Elizabeth II
100%
Anne, Princess Royal
98%
George VI
98%
Henry, Duke of Sussex
98%
Margaret, Countess of Snowdon
98%
Phillip, Duke of Edinburgh
98%
Prince George
98%
William, Duke of Cambridge
98%
Camilla, Duchess of Cornwall
96%
Diana, Princess of Wales
96%
Princess Beatrice
91%
Princess Eugenie
87%
Elizabeth, the Queen Mother
84%
James, Viscount Severn
64%

Score Distribution

Percentile by Number Answered

Percent of People with Each Score

Your Score History

You have not taken this quiz